Fuegos /
Guardado en:
| Autor Principal: | |
|---|---|
| Formato: | Libro |
| Publicado: |
Madrid :
Alfaguara (santillana),
1995
|
| Materias: | |
| Etiquetas: |
Agregar Etiqueta
Sin Etiquetas, Sea el primero en etiquetar este registro!
|
| LEADER | 00617nam a22002055a 4500 | ||
|---|---|---|---|
| 001 | EHU.bham021997 | ||
| 003 | AR-BHAM | ||
| 005 | 20090511142336.0 | ||
| 008 | 130507s1995##################000#0#####d | ||
| 082 | 8 | 4 | |a 843.9 |
| 100 | 1 | |a Yourcenar, Marguerite | |
| 245 | 1 | 0 | |a Fuegos / |c Marguerite Yourcenar |
| 260 | |a Madrid : |b Alfaguara (santillana), |c 1995 | ||
| 300 | |a 125 p. | ||
| 500 | |a Traducción de Emma Calatayud.- | ||
| 653 | |a Literatura francesa | ||
| 653 | |a Literatura francesa-1901- | ||
| 653 | |a Literatura francesa-siglo 20 | ||
| 653 | |a Literatura | ||
| 859 | |a AR-BHAM |b BIB. HUMANIDADES - General |h 843.9 |i Y88 |p 206.98 |t Ej.1 | ||
